01328 2200265 4500001002100000005001500021035002000036007000300056008004100059020002200100082001100122084002000133100002800153245004300181250002600224300003800250650002200288520059500310264004500905336002100950337003000971338002901001990001601030990001601046INLIS00000000116273620230117125837 a0010-1122000289ta230117 g 0 ind  a978-623-6102-23-7 a371.94 aSR 371.94 INO a0 aIno Okvitasariepenulis1 aAnakku terlahir ADHD /cIno Okvitasari aCetakan 1, Maret 2021 a144 halaman :bilustrasi ;c19 cm 4aPendidikan Khusus aBuku ini mengisahkan perjalanan batin seorang ibu ketika dianugerahi anak berkebutuhan khusus dengan diagnosa ADHD, atau lazim disebut dengan hiperaktif. Perasaan dan pemikiran sebagai orang tua mengenai kekhususan tumbuh kembang putranya dalam merawat, mengasuh, dan mendidik. Perjuangan hari demi hari hingga menjadi anak yang percaya diri, ramah, komunikatif dan berkurang hiperaktifnya. Buku ini akan memberikan manfaat kepada orang tua yang memiliki buah hati berkebutuhan khusus, terutama ADHD. Beberapa hal dapat dipelajari tentang sudut pandang dan pola pengasuhan anak sejak dini. aYogyakarta :bStiletto Indie Book,c2021 2rdacontentateks 2rdamediaatanpa perantara 2rdacarrieraVolume/jilid a49597.62417 a49598.62418